Normal view
MARC view
Entry Topical Term
001 - CONTROL NUMBER
- control field: 18854
003 - CONTROL NUMBER IDENTIFIER
- control field: OSt
005 - DATE AND TIME OF LATEST TRANSACTION
- control field: 20201023162532.0
008 - FIXED-LENGTH DATA ELEMENTS
- fixed length control field: 201023|| aca||aabn | a|a d
040 ## - CATALOGING SOURCE
- Original cataloging agency: OSt
- Transcribing agency: OSt
150 ## - HEADING--TOPICAL TERM
- Topical term or geographic name entry element: Contingency management, contingency release, Key performance indicators, Mathematical model
670 ## - SOURCE DATA FOUND
- Source citation: Work cat.: (OSt): Ayub, B. Jamaluddin,M and Ullah, F. 18853, Contingency release during project executing; The contractor’s decision-making dilemma
